Missing Word: NBC Shows (1960s) Quiz Stats

 Plays Quiz Updated May 28, 2012

Support Sporcle.
Go Orange.
Score 0/18 Timer 02:00
0 Plays Today
Television Series Missing Word % Correct
_____ TrekStar
99.8%
The _____ Cosby ShowBill
94.5%
_____ of Our LivesDays
90.5%
_____ SmartGet
85.6%
The ____ Show starring Johnny CarsonTonight
85%
I Dream of ____Jeannie
83.4%
_____ 54, Where Are You?Car
78.9%
_____ SquaresHollywood
75.3%
_____ BooneDaniel
73.3%
Television Series Missing Word % Correct
Rowan & Martin's _____-InLaugh
69.4%
_____ KildareDr.
66%
Match _____Game
65.9%
The Man from _____U.N.C.L.E.
55%
Please Don't _____ the DaisiesEat
51.7%
Adam-_____12
51.3%
My _____ the CarMother
49.3%
Another _____World
48.7%
I _____Spy
31.7%

Today's Daily Dose

You're not logged in!

Compare scores with friends on all Sporcle quizzes.
OR
Log In
Forgot?

From the Vault

Multiple NCAA Basketball Championships

by ESPN

It's takes a lot to win it all. Twice. (Or eleven times.)
Remove Ads.
Support Sporcle.
Get the best of Sporcle when you Go Orange. This ad-free experience offers more features, more stats, and more fun while also helping to support Sporcle. Thank you for becoming a member.

Show Comments

Extras

Top Quizzes Today


Score Distribution

Your Account Isn't Verified!

In order to create a playlist on Sporcle, you need to verify the email address you used during registration. Go to your Sporcle Settings to finish the process.

Report this User

Report this user for behavior that violates our Community Guidelines.

Details: